000
00270nam a2200097Ia 4500
008
220204s9999 xx 000 0 und d
082
_a
912(084.3)(548.3)
_b
KER;2
245
0
_a
Kerala in maps. 1978
260
_a
Kerala
_b
Bureau of Economics and Statistics
_c
1978
942
_c
BK
999
_c
34284
_d
34284